The snow walker / (Record no. 2305)
[ view plain ]
| 000 -LEADER | |
|---|---|
| fixed length control field | 01737cam a2200301 a 4500 |
| 005 - DATE AND TIME OF LATEST TRANSACTION | |
| control field | 20231115143441.0 |
| 020 ## - INTERNATIONAL STANDARD BOOK NUMBER | |
| International Standard Book Number | 0876148917 |
| 020 ## - INTERNATIONAL STANDARD BOOK NUMBER | |
| International Standard Book Number | 087614959X |
| 020 ## - INTERNATIONAL STANDARD BOOK NUMBER | |
| International Standard Book Number | 9780876149591 |
| 040 ## - CATALOGING SOURCE | |
| Original cataloging agency | DLC |
| Transcribing agency | DLC |
| Modifying agency | DLC |
| Language of cataloging | emg |
| 050 00 - LIBRARY OF CONGRESS CALL NUMBER | |
| Classification number | F128.47 |
| Item number | .W49 1996 |
| 082 00 - DEWEY DECIMAL CLASSIFICATION NUMBER | |
| Classification number | 974.7/275 |
| Edition number | 20 |
| 100 1# - MAIN ENTRY--PERSONAL NAME | |
| Personal name | Wetterer, Margaret K. |
| 245 14 - TITLE STATEMENT | |
| Title | The snow walker / |
| Statement of responsibility, etc. | by Margaret K. and Charles M. Wetterer ;illustrations by Mary O'Keefe Young. |
| 260 ## - PUBLICATION, DISTRIBUTION, ETC. | |
| Place of publication, distribution, etc. | Minneapolis : |
| Name of publisher, distributor, etc. | Millbrook Books, |
| Date of publication, distribution, etc. | 1996 |
| 300 ## - PHYSICAL DESCRIPTION | |
| Extent | 48 pages : |
| Other physical details | illustrations |
| Dimensions | 21 cm |
| 505 ## - FORMATTED CONTENTS NOTE | |
| Formatted contents note | P |
| 520 ## - SUMMARY, ETC. | |
| Summary, etc. | One morning in March 1888, twelve-year-old Milton Daub awoke to find the world buried in snow. The blizzard was like nothing Milton and his neighbors in the Bronx had ever seen. No one dared go out into the storm. No one, that is, except Milton. He and his father made a pair of snowshoes from barrel hoops and old roller skates. Then Milton stepped bravely into the storm to buy milk for his family. Soon he was buying supplies for everyone in the area. His neighbors declared him a hero. The Blizzard of 1888 set records in the Northeast that are still unbroken. It forced whole cities to shut down for days. But Milton didn't let the snow stop him from helping neighbors in need. His true story is both an exciting adventure and a heartwarming glimpse of old New York. |
| 521 ## - TARGET AUDIENCE NOTE | |
| Target audience note | 630 |
| Source | Lexile |
| 521 ## - TARGET AUDIENCE NOTE | |
| Target audience note | P |
| Source | Raz-Plus |
| 650 #0 - SUBJECT ADDED ENTRY--TOPICAL TERM | |
| Topical term or geographic name entry element | Blizzards |
| Geographic subdivision | New York (State) |
| -- | New York |
| General subdivision | History |
| Chronological subdivision | 19th century |
| Form subdivision | Juvenile literature. |
| 650 #1 - SUBJECT ADDED ENTRY--TOPICAL TERM | |
| Topical term or geographic name entry element | Blizzards |
| Geographic subdivision | New York (State) |
| -- | New York. |
| 700 1# - ADDED ENTRY--PERSONAL NAME | |
| Personal name | Wetterer, Charles M. |
| Relator term | Coauthor |
| 700 1# - ADDED ENTRY--PERSONAL NAME | |
| Personal name | Young, Mary O'Keefe, |
| Relator term | illustrator |
| 906 ## - LOCAL DATA ELEMENT F, LDF (RLIN) | |
| a | 7 |
| b | cbc |
| c | orignew |
| d | 1 |
| e | ocip |
| f | 19 |
| g | y-gencatlg |
| 942 ## - ADDED ENTRY ELEMENTS (KOHA) | |
| Source of classification or shelving scheme | Dewey Decimal Classification |
| Koha item type | Books |
| Suppress in OPAC | No |
| 999 ## - | |
| -- | 2305 |
| -- | 2305 |
| Withdrawn status | Lost status | Source of classification or shelving scheme | Damaged status | Not for loan | Collection | Home library | Current library | Shelving location | Date acquired | Total Checkouts | Full call number | Barcode | Date last seen | Price effective from | Koha item type |
|---|---|---|---|---|---|---|---|---|---|---|---|---|---|---|---|
| Dewey Decimal Classification | Juvenile Fiction | Footprints International School Library Network Toul Kork Campus | Footprints International School Library Network Toul Kork Campus | TK Primary Library Room(4th Floor), Bookcase 3&4, Shelves 17-32, Yellow Books | 11/15/2023 | WET 974.7/275 F128.47 | FISTK01513 | 11/15/2023 | 11/15/2023 | Books |
